[Event "FSGM June 2017"]
[Site "Budapest HUN"]
[Date "2017.06.08"]
[Round "6.3"]
[White "Havasi,Gergo"]
[Black "Manca,F"]
[Result "0-1"]
[WhiteElo "2393"]
[BlackElo "2397"]

1.e4 g6 2.d4 Bg7 3.Nc3 d6 4.Nge2 Nf6 5.g3 O-O 6.Bg2 Nbd7 7.O-O c6 8.a4 Qc7
9.h3 e5 10.Bg5 b6 11.Qd2 Bb7 12.Rad1 Rfe8 13.Rfe1 a6 14.Bh6 b5 15.Bxg7 Kxg7
16.dxe5 dxe5 17.axb5 axb5 18.Nc1 b4 19.Nb1 Qb6 20.c3 c5 21.cxb4 cxb4 22.Nd3 b3
23.Na3 Ra4 24.Qe3 Qxe3 25.Rxe3 Bxe4 26.Nc1 Rxa3 27.bxa3 Bc2 28.Ree1 b2 29.Na2
Bxd1 30.Rxd1 Rc8 31.Bf1 Rc2 32.Rb1 Nc5 33.Nb4 Rd2 34.f3 e4 35.Bg2 e3 36.Na2 e2
37.Nc3 Nd3 38.Nxe2 Rxe2 39.Bf1 Re1 {#R} 0-1

[Event "18th ch-EUR Indiv 2017"]
[Site "Minsk BLR"]
[Date "2017.06.06"]
[Round "7.50"]
[White "Solak,D"]
[Black "Stremavicius,T"]
[Result "1-0"]
[WhiteElo "2641"]
[BlackElo "2448"]

1.d4 d6 2.e4 Nf6 3.Nc3 g6 4.Be3 c6 5.Qd2 b5 6.f3 Bb7 7.Bd3 Nbd7 8.g4 Bg7 9.h4
Nb6 10.h5 Rg8 11.h6 Bh8 12.Nh3 Nfd7 13.Ng5 Nf8 14.a4 Nc4 15.Bxc4 bxc4 16.a5 d5
17.Na4 f6 18.Nc5 Bc8 19.Nh3 Rb8 20.exd5 cxd5 21.b4 cxb3 22.cxb3 Ne6 23.b4 Nxc5
24.bxc5 Ba6 25.Kf2 Kf7 26.Kg2 Qd7 27.Bf2 Rge8 28.Rab1 Rbc8 29.Rhe1 e5 30.dxe5
fxe5 31.Ng5+ Kg8 32.Ne4 Qe6 33.Nd6 e4 34.fxe4 Qxg4+ 35.Bg3 Be5 36.Qxd5+ Re6
37.Rb3 Rf8 38.Nf5 Bc8 39.Ne7+ Kh8 40.Nxc8 Rxc8 41.Rf3 Ree8 42.Rf8+ {#r} 1-0

[Event "8th Dolomiti Open 2017"]
[Site "Forni di Sopra ITA"]
[Date "2017.06.11"]
[Round "2.12"]
[White "Castellanos Rodriguez,R"]
[Black "Vezzani,S"]
[Result "1-0"]
[WhiteElo "2488"]
[BlackElo "2071"]

1.d4 d6 2.Nf3 g6 3.e4 Bg7 4.c3 Nf6 5.Bd3 O-O 6.O-O Nc6 7.Re1 e5 8.d5 Nb8 9.c4
a5 10.Nc3 Na6 11.a3 Bd7 12.Bc2 Nh5 13.Rb1 Nf4 14.b4 axb4 15.axb4 Qf6 16.g3
Nh3+ 17.Kg2 g5 18.Rf1 g4 19.Nh4 c5 20.dxc6 bxc6 21.Nf5 Bxf5 22.exf5 h5 23.f3
e4 24.Nxe4 Qxf5 25.Nxd6 Qe5 26.fxg4 Rfd8 27.c5 Nxc5 28.bxc5 Qxc5 29.Qd3 Rxd6
30.Qh7+ Kf8 31.Rxf7+ Kxf7 32.Rb7+ Ke6 33.Bb3+ Qd5+ {#r} 1-0

[Event "44th OKU 2017"]
[Site "Utrecht NED"]
[Date "2017.06.11"]
[Round "6.8"]
[White "Umudova,N"]
[Black "Van Brummelen,Kevin"]
[Result "1-0"]
[WhiteElo "2214"]
[BlackElo "2142"]

1.e4 d6 2.d4 Nf6 3.Nc3 g6 4.Bg5 Bg7 5.f4 O-O 6.Nf3 c5 7.d5 Qb6 8.Rb1 Qa5 9.Nd2
Ng4 10.Qf3 f5 11.e5 dxe5 12.Nc4 Qd8 13.d6 Bf6 14.Bxf6 exf6 15.Qd5+ Kh8 16.h3
Nh6 17.fxe5 fxe5 18.Qxe5+ Kg8 19.Nd5 Nc6 20.Ne7+ Kf7 21.Qe3 Nxe7 22.Qxh6 Nd5
23.Qxh7+ Kf6 24.Qh4+ Kg7 25.Qxd8 Rxd8 26.Rd1 Be6 27.a4 a6 28.a5 Re8 29.Kf2
Rad8 30.g3 Nf6 31.Bd3 Bxc4 32.Bxc4 Ne4+ 33.Kf3 Nxd6 34.Bd5 Kf6 35.Rhe1 Re5
36.Rxe5 Kxe5 37.Ba2 g5 38.Rd5+ Kf6 39.Rxc5 Ne4 40.Rc7 Rd2 41.g4 Nd6 42.gxf5
Kxf5 43.Rc5+ Kf6 44.Rd5 Rxc2 45.Rxd6+ Ke5 46.Rb6 Rh2 47.Kg3 Rh1 48.Rxb7 Ra1
49.Bc4 Rxa5 50.Kg4 Kd4 51.b3 Kc3 52.Rb6 {#r} 1-0

[Event "9th Lublin GM 2017"]
[Site "Lublin POL"]
[Date "2017.06.08"]
[Round "6.4"]
[White "Cyborowski,L"]
[Black "Llaneza Vega,M"]
[Result "1-0"]
[WhiteElo "2534"]
[BlackElo "2424"]

1.d4 Nf6 2.Nf3 g6 3.Nbd2 Bg7 4.e4 d6 5.Bd3 O-O 6.O-O Nc6 7.c3 e5 8.Re1 Nh5
9.Nb3 Bg4 10.Be2 Nf4 11.Bxf4 exf4 12.Nfd2 Bd7 13.Bg4 h5 14.Bxd7 Qxd7 15.Nc1
Rae8 16.Nd3 Bh6 17.Qb3 b6 18.a4 Kh8 19.Qb5 f5 20.d5 Nb8 21.e5 dxe5 22.Nxe5 Qg7
23.Nef3 Nd7 24.Nd4 Rxe1+ 25.Rxe1 Qf7 26.N2f3 Re8 27.Re6 Re7 28.Qe2 Bf8 29.Nc6
{#r} 1-0

[Event "12th Teplice Open 2017"]
[Site "Teplice CZE"]
[Date "2017.06.12"]
[Round "3.2"]
[White "Rausis,I"]
[Black "Sylvan,J"]
[Result "1-0"]
[WhiteElo "2617"]
[BlackElo "2373"]

1.Nf3 Nf6 2.d4 g6 3.g3 Bg7 4.Bg2 O-O 5.O-O d6 6.Nc3 Nbd7 7.e4 e5 8.a4 exd4
9.Nxd4 a6 10.Bg5 h6 11.Be3 Ne5 12.b3 Bd7 13.f3 Nc6 14.Qd2 Kh7 15.Rad1 Qe7
16.Nde2 Rae8 17.Nf4 Qd8 18.Rfe1 Ne5 19.Re2 Bc8 20.Rde1 g5 21.Nd3 Ng6 22.Bf2
Nd7 23.Nd5 Nde5 24.Nxe5 Nxe5 25.Bd4 c6 26.Ne3 Qf6 27.Kh1 Qg6 28.f4 Ng4 29.f5
Qh5 30.Bf3 Bxd4 31.Nxg4 {#r} 1-0

[Event "9th Capo d'Orso Open 2017"]
[Site "Porto Mannu Palau ITA"]
[Date "2017.06.08"]
[Round "7.2"]
[White "Landa,K"]
[Black "Marin,Mi"]
[Result "1-0"]
[WhiteElo "2615"]
[BlackElo "2528"]

1.e4 d6 2.d4 Nf6 3.Nc3 g6 4.Bg5 c6 5.Qd2 Nbd7 6.f4 d5 7.e5 Ne4 8.Nxe4 dxe4
9.Ne2 f6 10.Bh4 Bh6 11.Nc3 fxe5 12.dxe5 Rf8 13.g3 Qc7 14.Qe2 Nxe5 15.fxe5 Rf3
16.Qc4 Qb6 17.Nxe4 Bg4 18.Be2 Qe3 19.Rd1 Bf5 20.Bg5 Bxg5 21.Qg8# 1-0

[Event "9th Capo d'Orso Open 2017"]
[Site "Porto Mannu Palau ITA"]
[Date "2017.06.09"]
[Round "8.7"]
[White "Lochte,T"]
[Black "Maier,C"]
[Result "0-1"]
[WhiteElo "2108"]
[BlackElo "2388"]

1.e4 d6 2.d4 Nf6 3.Nc3 e5 4.dxe5 dxe5 5.Qxd8+ Kxd8 6.Bg5 Bd6 7.O-O-O h6
8.Bxf6+ gxf6 9.Nb5 Ke7 10.Rxd6 cxd6 11.Nc7 Be6 12.Nxa8 Kd7 13.Bb5+ Nc6 14.Nb6+
axb6 15.Ne2 f5 16.exf5 Bxf5 17.Nc3 Be6 18.Rd1 Kc7 19.Be2 Nd4 20.Nb5+ Nxb5
21.Bxb5 Rg8 22.g3 d5 23.c3 Kd6 24.Be2 Bg4 25.f3 Be6 26.Kd2 Kc5 27.Ke3 Re8
28.b4+ Kd6 29.a4 Ra8 30.Ra1 Rc8 31.Ra3 Ke7 32.Kd2 Ra8 33.Bb5 Kd6 34.Ke3 Bf5
35.Bd3 Bd7 36.Bc2 Bc6 37.Ra1 Bd7 38.Ra3 Rc8 39.Kd2 h5 40.Ra1 h4 41.g4 Rc4
42.Bb3 Rf4 43.Ke3 Bc6 44.Rf1 f6 45.b5 Bd7 46.Rg1 Be6 47.Bc2 Rc4 48.Kd2 Rc8
49.Bf5 Rg8 50.Bxe6 Kxe6 51.h3 Rc8 52.Kd3 Kf7 53.Ra1 Rc5 54.a5 Rxb5 55.axb6
Rxb6 56.Ra5 Ke6 57.Ra8 Ra6 58.Re8+ Kd6 59.Rh8 Ra3 60.Rh6 d4 61.Rxf6+ Kd5 62.g5
Rxc3+ 63.Kd2 e4 64.Rf5+ Kc4 65.fxe4 Rxh3 66.e5 Rh2+ 67.Ke1 Kd5 68.g6 Rg2
69.Rh5 Rxg6 70.Ke2 Re6 71.Rxh4 Rxe5+ {#R} 0-1

[Event "CHN Team Men 2017"]
[Site "Beijing CHN"]
[Date "2017.06.12"]
[Round "7.1"]
[White "Huang,Renjie"]
[Black "Liu,Chang"]
[Result "0-1"]
[WhiteElo "2156"]
[BlackElo "2345"]
[EventType "team"]

1.e4 d6 2.d4 g6 3.Nc3 Bg7 4.Be3 a6 5.a4 b6 6.g3 Bb7 7.Bg2 Nf6 8.Qe2 O-O 9.f4
e5 10.O-O-O Qe8 11.fxe5 dxe5 12.d5 Nbd7 13.g4 c6 14.g5 Nh5 15.Nh3 Nf4 16.Qf2
cxd5 17.Nxd5 Bxd5 18.exd5 Nxg2 19.Qxg2 e4 20.Nf2 Qe5 21.Rd4 Nc5 22.Ng4 Qd6
23.Rf1 Rad8 24.Nf6+ Bxf6 25.gxf6 Qe5 26.Qh3 h5 27.a5 bxa5 28.Qh4 Rxd5 29.Rxd5
Qxd5 30.Bxc5 Qxc5 31.Qxe4 Rb8 32.Qf4 Qb4 33.Qxb4 axb4 34.c4 bxc3 35.bxc3 Kh7
36.Kc2 g5 37.c4 Kg6 38.Kc3 Rb6 39.c5 Rxf6 40.Rc1 Rc6 41.Kd4 g4 42.Kd5 Rc8
43.c6 f5 44.Ke5 Kg5 45.c7 f4 46.Ke4 f3 47.h3 f2 48.Ke3 Rxc7 49.Kd4 {#R} 0-1

[Event "CHN Team Women 2017"]
[Site "Beijing CHN"]
[Date "2017.06.11"]
[Round "6.5"]
[White "Gu,T"]
[Black "Kuang Yinghui"]
[Result "0-1"]
[WhiteElo "2194"]
[BlackElo "2213"]
[EventType "team"]

1.d4 d6 2.e4 Nf6 3.Nc3 g6 4.g3 Bg7 5.Bg2 c6 6.a4 e5 7.Nge2 a5 8.h3 O-O 9.O-O
Na6 10.Be3 exd4 11.Bxd4 Re8 12.Qd2 Nb4 13.Rad1 Be6 14.b3 d5 15.e5 Nd7 16.f4
Bf5 17.Rc1 f6 18.exf6 Nxf6 19.g4 Be4 20.f5 gxf5 21.gxf5 Qd6 22.Nxe4 dxe4
23.Qg5 Nbd5 24.c4 h6 25.Qh4 Nb4 26.c5 Qd8 27.Qg3 Nbd5 28.Rcd1 Qc7 29.Qh4 Qf7
30.Ng3 Kh7 31.Kh1 e3 32.Rde1 Rad8 33.Kh2 Nb4 34.Re2 Rd7 35.Bc3 Qe7 36.Ne4 Nxe4
37.f6 Nxf6 38.Bxf6 Bxf6 39.Rxf6 Qe5+ 40.Kh1 Rd1+ 41.Bf1 Qg5 42.Qxg5 hxg5
43.Kg1 Nd5 44.Rf3 Kh6 45.Kh2 Nf4 46.Rexe3 Rxe3 47.Rxe3 Rxf1 {#R} 0-1

[Event "CHN Team Women 2017"]
[Site "Beijing CHN"]
[Date "2017.06.09"]
[Round "4.4"]
[White "Zhu,Jiner"]
[Black "Yu Ting"]
[Result "1-0"]
[WhiteElo "2176"]
[BlackElo "2184"]
[EventType "team"]

1.e4 d6 2.d4 Nf6 3.Nc3 g6 4.Nf3 Bg7 5.Be2 O-O 6.O-O c6 7.a4 a5 8.h3 Na6 9.Be3
Nb4 10.Nd2 d5 11.e5 Ne8 12.f4 f6 13.Nf3 Nc7 14.Qd2 Bf5 15.Rac1 Qd7 16.Nh4 e6
17.Bf3 fxe5 18.fxe5 c5 19.g4 cxd4 20.Bxd4 Be4 21.Bc5 Rfd8 22.Bxe4 dxe4 23.Qf2
Nbd5 24.Nxe4 Bxe5 25.Rcd1 Qg7 26.Ng5 Nf4 27.Rxd8+ Rxd8 28.Ng2 Ncd5 29.c4 h6
30.cxd5 hxg5 31.Nxf4 Bxf4 32.dxe6 b6 33.e7 Rc8 34.Ba3 Qf6 35.Re1 Kf7 36.Qg2
Qd4+ 37.Kh1 Ke8 38.Qb7 Qd7 39.Qxd7+ Kxd7 40.b3 Ke8 41.Re6 Bc1 42.Rf6 Bxa3
43.Rf8+ Kxe7 44.Rxc8 {#r} 1-0

[Event "39th Nezhmetdinov Mem"]
[Site "Kazan RUS"]
[Date "2017.06.07"]
[Round "8.8"]
[White "Yudin,S"]
[Black "Ivanov,Andrew"]
[Result "1-0"]
[WhiteElo "2522"]
[BlackElo "2392"]

1.e4 c6 2.Nf3 d5 3.exd5 cxd5 4.Ne5 Nf6 5.d4 g6 6.c3 Bg7 7.Bd3 Nc6 8.f4 O-O
9.O-O Bf5 10.Be2 Qb6 11.Nd2 Nxe5 12.fxe5 Ne4 13.Nf3 Bg4 14.Qb3 Qc6 15.Bb5 Qe6
16.c4 Rad8 17.Be3 Kh8 18.Rac1 f5 19.cxd5 Qxd5 20.Qxd5 Rxd5 21.Bd3 Rd7 22.h3
Bxf3 23.Rxf3 Rfd8 24.Bb5 Rd5 25.Ba4 h5 26.Bb3 R5d7 27.g4 fxg4 28.hxg4 h4
29.Kg2 Rxd4 30.Rh3 g5 31.Bxd4 Rxd4 32.Rc8+ Kh7 33.Bc2 Kh6 34.Rd3 Rb4 35.Rb3
Rd4 36.Rxb7 h3+ 37.Kxh3 Nf2+ 38.Kg3 Nxg4 39.Rxe7 Bxe5+ 40.Kh3 Bg7 41.Rh8+ {#r}
1-0

[Event "10th Mayors Cup Open 2017"]
[Site "Mumbai IND"]
[Date "2017.06.08"]
[Round "7.27"]
[White "Ziatdinov,R"]
[Black "Avdhoot,Lendhe"]
[Result "1-0"]
[WhiteElo "2291"]
[BlackElo "2080"]

1.e4 c6 2.Nf3 d5 3.Nc3 Bg4 4.h3 Bxf3 5.Qxf3 Nf6 6.Be2 e6 7.O-O Qb6 8.a4 a5
9.exd5 Nxd5 10.Qg3 Nb4 11.Bd1 Qd4 12.d3 Bd6 13.Be3 Bxg3 14.Bxd4 e5 15.Re1 Kd7
16.Bb6 Bf4 17.g3 Ra6 18.Bg4+ Kd6 19.Ne4+ Ke7 20.Bc5+ Kd8 21.Bxb4 axb4 22.gxf4
{#r} 1-0

[Event "12th Teplice Open 2017"]
[Site "Teplice CZE"]
[Date "2017.06.11"]
[Round "2.3"]
[White "Dragun,K"]
[Black "Larsen,Pet"]
[Result "1-0"]
[WhiteElo "2614"]
[BlackElo "2296"]

1.e4 c6 2.Nc3 d5 3.Nf3 Bg4 4.h3 Bh5 5.exd5 cxd5 6.Bb5+ Nc6 7.g4 Bg6 8.Ne5 Rc8
9.d4 e6 10.h4 f6 11.Bxc6+ bxc6 12.Nxg6 hxg6 13.Qd3 Kf7 14.Bd2 c5 15.dxc5 Bxc5
16.f4 Ne7 17.O-O-O Bb4 18.Ne2 Qa5 19.Bxb4 Qxb4 20.Nd4 Rb8 21.b3 Rb6 22.Kb2 Qd6
23.Rhf1 Nc6 24.f5 Ne5 25.fxe6+ Ke7 26.Qc3 Nc4+ 27.Ka1 Qa3 28.Ne2 Ra6 29.Nc1
Rc8 30.Rxd5 Nb6 31.Rd7+ Nxd7 32.Qxc8 Rxe6 33.Qg8 Ne5 34.Qxg7+ Nf7 35.Qxg6 Qb4
36.Kb1 Qd4 37.g5 Qxh4 38.Rxf6 Rxf6 39.Qxf6+ Kf8 40.Qf3 Qxg5 41.Qa8+ {#r} 1-0

[Event "18th ch-EUR Indiv 2017"]
[Site "Minsk BLR"]
[Date "2017.06.06"]
[Round "7.18"]
[White "Ivanisevic,I"]
[Black "Bocharov,D"]
[Result "1-0"]
[WhiteElo "2638"]
[BlackElo "2574"]

1.e4 c6 2.d4 d5 3.e5 Bf5 4.h4 h5 5.Bd3 Bxd3 6.Qxd3 e6 7.Bg5 Be7 8.Nf3 Nh6
9.Nc3 Nf5 10.Ne2 c5 11.c3 Nd7 12.Nf4 cxd4 13.cxd4 Qa5+ 14.Ke2 Rc8 15.Rhc1 Rc6
16.a3 g6 17.Rxc6 bxc6 18.Rc1 Qb6 19.Bxe7 Kxe7 20.Qc3 Rc8 21.Nd3 a5 22.g3 Ke8
23.Kd2 Rc7 24.Rc2 Qb5 25.Ke1 a4 26.Kd2 Nb6 27.Kc1 Nc4 28.Kb1 Rb7 29.Nc5 Nxd4
30.Nxb7 Nxc2 31.Nd6+ Nxd6 32.exd6 Nxa3+ 33.Qxa3 Qf1+ 34.Kc2 Qxf2+ 35.Nd2 Kd7
36.Qb4 e5 37.Kb1 Qxg3 38.Ka2 Qf4 39.Qb8 Qxd2 40.Qc7+ Ke6 41.Qe7+ Kf5 42.d7 Qd3
43.Qxf7+ Kg4 44.Qe6+ Kf4 45.Qxc6 Qb3+ 46.Kb1 {#r} 1-0

[Event "18th ch-EUR Indiv 2017"]
[Site "Minsk BLR"]
[Date "2017.06.06"]
[Round "7.73"]
[White "Kobo,Ori"]
[Black "Indjic,A"]
[Result "1-0"]
[WhiteElo "2476"]
[BlackElo "2587"]

1.e4 c6 2.d4 d5 3.e5 Bf5 4.h4 h6 5.g4 Bd7 6.Nc3 e6 7.Be3 h5 8.gxh5 Nh6 9.Bd3
c5 10.dxc5 d4 11.Bxd4 Bc6 12.Nf3 Qa5 13.a3 Bxc5 14.b4 Bxd4 15.bxa5 Bxc3+
16.Ke2 Nd7 17.Rb1 a6 18.Qc1 Ng4 19.Qf4 Ngxe5 20.Nxe5 Bxe5 21.Qe3 Bxh1 22.Rxh1
Rxh5 23.Qf3 g6 24.Qxb7 Rb8 25.Qc6 Bf6 26.Rd1 Rc5 27.Qxa6 Re5+ 28.Kf1 Bxh4
29.Qa7 Rd8 30.a6 Be7 31.Qb7 Ra5 32.Bb5 {#r} 1-0

[Event "18th ch-EUR Indiv 2017"]
[Site "Minsk BLR"]
[Date "2017.06.08"]
[Round "9.43"]
[White "Kobo,Ori"]
[Black "Banusz,T"]
[Result "1-0"]
[WhiteElo "2476"]
[BlackElo "2616"]

1.e4 c6 2.d4 d5 3.e5 c5 4.dxc5 Nc6 5.f4 Nh6 6.c3 Nf5 7.Bd3 g5 8.Nf3 g4 9.Nfd2
h5 10.Nb3 a5 11.a4 b6 12.Bb5 Bb7 13.Nd4 Nxd4 14.Qxd4 Qd7 15.Bxc6 Qxc6 16.cxb6
Ba6 17.Be3 Bg7 18.Qc5 Qd7 19.Na3 Qxa4 20.Nc2 Qd7 21.Rxa5 O-O 22.Nd4 Rfc8
23.Qa3 Bb7 24.Ra7 e6 25.Kd2 Bf8 26.Qa5 Rab8 27.h3 g3 28.h4 f6 29.Rh3 fxe5
30.Rxg3+ Kh8 31.fxe5 Qf7 32.Qb5 Be7 33.Qd7 Rg8 34.Rxb7 {#r} 1-0

[Event "18th ch-EUR Indiv 2017"]
[Site "Minsk BLR"]
[Date "2017.06.09"]
[Round "10.14"]
[White "Ponomariov,R"]
[Black "Mchedlishvili,M"]
[Result "1-0"]
[WhiteElo "2712"]
[BlackElo "2605"]

1.e4 c6 2.d4 d5 3.e5 Bf5 4.h4 h5 5.Bd3 Bxd3 6.Qxd3 Qa5+ 7.Nd2 e6 8.Nf3 Nh6
9.O-O Nf5 10.c4 Be7 11.g3 Nd7 12.b3 Rd8 13.Qc2 Nf8 14.Bb2 Rg8 15.Ng5 Bxg5
16.hxg5 Ng6 17.Nf3 h4 18.g4 Nfe7 19.Rfe1 Rh8 20.Re3 Rd7 21.a4 Qd8 22.Kh2 Nf4
23.Rd1 Neg6 24.Bc1 h3 25.c5 Qe7 26.Rg1 Rd8 27.b4 a6 28.Rg3 Kd7 29.Rb3 Ra8
30.Qb2 Rhc8 31.Be3 Ng2 32.Rxh3 N2f4 33.Bxf4 Nxf4 34.Rh7 Qf8 35.Kg3 Ng6 36.Ne1
Qe7 37.f4 Rh8 38.Rxh8 Nxh8 39.Nf3 Ng6 40.f5 Nf8 41.f6 Qd8 42.fxg7 Nh7 43.b5
{#r} 1-0

[Event "18th ch-EUR Indiv 2017"]
[Site "Minsk BLR"]
[Date "2017.06.10"]
[Round "11.72"]
[White "Svetushkin,D"]
[Black "Girya,O"]
[Result "0-1"]
[WhiteElo "2573"]
[BlackElo "2476"]

1.e4 c6 2.d4 d5 3.e5 Bf5 4.Nf3 e6 5.Be2 Ne7 6.c3 h6 7.O-O Nd7 8.Nbd2 a5 9.a4
Bg6 10.Nb3 Nf5 11.Bd2 Be7 12.c4 dxc4 13.Bxc4 Bh5 14.Be2 Nf8 15.Bc3 Ng6 16.g3
O-O 17.Nfd2 Bxe2 18.Qxe2 Qd5 19.Nc4 b5 20.axb5 cxb5 21.Ncxa5 b4 22.Bd2 Rfc8
23.Qd1 Nxd4 24.Nxd4 Qxd4 25.Be3 Qxe5 26.Nc6 Qxb2 27.Rxa8 Rxa8 28.Bd4 Qa2
29.Qg4 Re8 30.h4 Qc4 31.Nxe7+ Rxe7 32.Ra1 Re8 33.Ra5 Rd8 34.h5 Qxd4 35.Qxd4
Rxd4 36.hxg6 fxg6 {#R} 0-1

[Event "ch-FIN 2017"]
[Site "Helsinki FIN"]
[Date "2017.06.12"]
[Round "1.2"]
[White "Agopov,M"]
[Black "Niemi,K"]
[Result "0-1"]
[WhiteElo "2423"]
[BlackElo "2331"]

1.e4 c6 2.d4 d5 3.e5 Bf5 4.Nf3 e6 5.Be2 Ne7 6.O-O Nd7 7.Nbd2 Nc8 8.Nb3 Be7
9.Be3 Qc7 10.a4 h6 11.a5 a6 12.Nfd2 Na7 13.c4 dxc4 14.Nxc4 Nb5 15.Qc1 O-O
16.Rd1 Rfd8 17.Bd3 Bxd3 18.Rxd3 Bf8 19.Qd1 c5 20.Nb6 Nxb6 21.axb6 Qxb6 22.Bxh6
Nxd4 23.Bg5 Rd5 24.Rh3 Rxe5 25.f4 Rf5 26.Nxd4 cxd4 27.Qh5 f6 28.Qh7+ Kf7
29.Bh6 d3+ 30.Kh1 d2 31.Rg3 Rc8 32.Rxg7+ Bxg7 33.Qxg7+ Ke8 34.Qf8+ Kd7 35.Qf7+
Kd8 {#R} 0-1

[Event "10th Mayors Cup Open 2017"]
[Site "Mumbai IND"]
[Date "2017.06.07"]
[Round "5.11"]
[White "Dixit,Nikhil"]
[Black "Deviatkin,A"]
[Result "0-1"]
[WhiteElo "2101"]
[BlackElo "2481"]

1.e4 Na6 2.d4 c6 3.Nc3 Nc7 4.Nf3 d5 5.Be2 dxe4 6.Nxe4 Nf6 7.Nxf6+ exf6 8.O-O
Bd6 9.c4 O-O 10.Qc2 Re8 11.Be3 Bg4 12.Rae1 Qd7 13.Nh4 g6 14.Bd3 Bb4 15.Rc1 a5
16.a3 Bf8 17.Rfe1 Bd6 18.f3 Be6 19.f4 f5 20.Nf3 f6 21.d5 Bf7 22.c5 Nxd5
23.cxd6 Nxe3 24.Qf2 Nd5 25.g3 Qxd6 26.Bc4 Kg7 27.Qd4 Rad8 28.h4 Nc7 29.Qxd6
Rxd6 30.Rxe8 Nxe8 31.Bxf7 Kxf7 32.Kf2 h5 33.Rc4 Rd3 34.Ra4 Nd6 35.Rxa5 Ne4+
36.Kg2 Rb3 37.Ra8 Rxb2+ 38.Kh3 c5 39.Rc8 b5 40.Rc7+ Ke6 41.Rg7 Ra2 42.Rxg6 Kf7
43.Rh6 Nf2+ {#R} 0-1

[Event "10th Mayors Cup Open 2017"]
[Site "Mumbai IND"]
[Date "2017.06.09"]
[Round "8.14"]
[White "Saravana,Kr"]
[Black "Mithil,A"]
[Result "1-0"]
[WhiteElo "2345"]
[BlackElo "2203"]

1.e4 c6 2.d4 d5 3.e5 c5 4.dxc5 Nc6 5.a3 e6 6.Nf3 Bxc5 7.b4 Bb6 8.Bb2 Nh6 9.Bd3
Nf5 10.Nbd2 a5 11.b5 Ncd4 12.Nxd4 Bxd4 13.Bxd4 Nxd4 14.Qg4 Qb6 15.Qxg7 Rf8
16.Qg5 Bd7 17.c4 a4 18.O-O Nb3 19.Rad1 Qc5 20.Rfe1 Qxa3 21.Nf3 Qe7 22.Qf4 a3
23.Bc2 dxc4 24.Qxc4 Nc5 25.Rd6 Rc8 26.Red1 Qd8 27.Qb4 a2 28.Ra1 b6 29.Rxa2 Nb7
30.Rd1 Na5 31.Bd3 Qe7 32.Qb1 h6 33.Rad2 Rc5 34.Bf1 Bc8 35.Rd6 Qc7 36.Qh7 Nb7
37.Rc6 Rxc6 38.bxc6 Qxc6 39.Qxh6 Bd7 40.Qf6 Rg8 41.h4 Qc2 42.Rxd7 Rxg2+
43.Bxg2 Qb1+ 44.Kh2 Kxd7 45.Qxf7+ Kc8 46.Nd2 {#r} 1-0

[Event "10th Mayors Cup Open 2017"]
[Site "Mumbai IND"]
[Date "2017.06.11"]
[Round "10.10"]
[White "Grover,S"]
[Black "Mithil,A"]
[Result "1-0"]
[WhiteElo "2478"]
[BlackElo "2203"]

1.e4 c6 2.d4 d5 3.e5 c5 4.dxc5 Nc6 5.a3 Nxe5 6.b4 Nf6 7.Bb2 Qc7 8.Nc3 e6 9.Nb5
Qb8 10.Nf3 Nc6 11.c4 a6 12.Nc3 dxc4 13.Bxc4 a5 14.O-O axb4 15.axb4 Rxa1
16.Qxa1 Be7 17.b5 Nb4 18.Ne4 Qf4 19.Bxf6 gxf6 20.Nfd2 O-O 21.Qb2 Nd5 22.Re1
Rd8 23.Nf3 f5 24.Bxd5 fxe4 25.Bxe4 Bxc5 26.Qc2 b6 27.Bxh7+ Kf8 28.Be4 e5 29.g3
Qh6 30.Rd1 Rxd1+ 31.Qxd1 Qd6 32.Qa1 f5 33.Qa8 Qd1+ 34.Kg2 fxe4 35.Qxc8+ Ke7
36.Qb7+ Qd7 37.Qxd7+ Kxd7 38.Ng5 e3 39.fxe3 Bxe3 40.Ne4 Ke6 41.Kf3 Bh6 42.g4
Bc1 43.h4 Bf4 44.g5 Bc1 45.Kg4 Kd5 46.Kf5 Kc4 47.h5 Ba3 48.h6 Bf8 49.Kg6 {#r}
1-0

[Event "44th OKU 2017"]
[Site "Utrecht NED"]
[Date "2017.06.10"]
[Round "2.3"]
[White "Ten Hertog,H"]
[Black "De Jong,To"]
[Result "1-0"]
[WhiteElo "2457"]
[BlackElo "2258"]

1.e4 c6 2.d4 d5 3.e5 c5 4.Nf3 Bg4 5.dxc5 e6 6.Be3 Nc6 7.c3 Bxf3 8.Qxf3 Nxe5
9.Bb5+ Nc6 10.c4 Nf6 11.O-O Be7 12.Nc3 O-O 13.Rad1 Qa5 14.cxd5 exd5 15.a3 Rfd8
16.Bc1 a6 17.b4 Qc7 18.Bf4 Qc8 19.Be2 Qf5 20.Bc7 Qxf3 21.Bxf3 Rd7 22.Bg3 d4
23.Na4 Bd8 24.Rfe1 h6 25.Bd6 g5 26.Nb2 Rc8 27.Nc4 Kg7 28.Bxc6 bxc6 29.Rxd4 Nd5
30.Ne5 Rb7 31.Nxc6 Rxc6 32.Rxd5 a5 33.Be5+ Bf6 34.Bxf6+ Kxf6 35.Rd4 axb4
36.axb4 Ra6 37.g4 Ra4 38.Ree4 h5 39.h3 hxg4 40.hxg4 Kg6 41.Rc4 f5 42.gxf5+
Kxf5 43.c6 Rc7 44.b5 Ra1+ 45.Kg2 {#r} 1-0

[Event "44th OKU 2017"]
[Site "Utrecht NED"]
[Date "2017.06.10"]
[Round "4.6"]
[White "Van Overdam,Jul"]
[Black "Lanchava,T"]
[Result "1-0"]
[WhiteElo "2360"]
[BlackElo "2295"]

1.e4 c6 2.d4 g6 3.Nc3 Bg7 4.Bc4 d5 5.exd5 cxd5 6.Nxd5 e6 7.Qe2 Kf8 8.Nc3 Bxd4
9.Nf3 Bg7 10.O-O Nf6 11.Bf4 a6 12.Rad1 Qe8 13.Ne5 Nh5 14.Be3 h6 15.Bb6 Nd7
16.Nxd7+ Bxd7 17.Rd2 Bc6 18.Rfd1 Bf6 19.Ne4 Bxe4 20.Qxe4 Qc6 21.Qxc6 bxc6
22.Rd7 Bxb2 23.Rb7 Kg8 24.Rdd7 Rh7 25.Bc5 Bc3 26.Rxf7 Rxf7 27.Bxe6 Rd8
28.Bxf7+ Kh8 29.g3 Kg7 30.Bc4+ Kh8 31.Bxa6 Nf6 32.Bd3 Rd5 33.Bf8 Ng4 34.h3 Ne5
35.Be4 Rd1+ 36.Kg2 Nd7 37.Bb4 Bf6 38.Bxc6 Ne5 39.Bc3 Rd6 40.Be4 g5 41.a4 Kg8
42.a5 g4 43.Rb6 {#r} 1-0

[Event "44th OKU 2017"]
[Site "Utrecht NED"]
[Date "2017.06.11"]
[Round "5.3"]
[White "Pruijssers,R"]
[Black "Burg,T"]
[Result "0-1"]
[WhiteElo "2502"]
[BlackElo "2518"]

1.e4 c6 2.d4 d5 3.e5 c5 4.dxc5 Nc6 5.Nf3 Bg4 6.c3 e6 7.Be3 a6 8.Na3 Qc7 9.Qa4
Bxf3 10.gxf3 Qxe5 11.O-O-O Rc8 12.f4 Qf6 13.c4 Ne7 14.Kb1 d4 15.Bxd4 Qxf4
16.Be3 Qe5 17.Qb3 Qc7 18.Bh3 g6 19.Qc3 Qe5 20.Qxe5 Nxe5 21.Bd4 N7c6 22.Bc3 Rg8
23.Rhe1 Bg7 24.Re3 Nd7 25.Bxg7 Rxg7 26.Nc2 Nxc5 27.Bg2 Rg8 28.b4 Nd7 29.Bxc6
Rxc6 30.c5 Ke7 31.Nd4 Rc7 32.Nb3 Nf6 33.Na5 Ng4 34.Re2 Nxh2 35.Rh1 Nf3 36.Re3
Nd4 37.Rxh7 Nc6 38.Nxc6+ Rxc6 39.Rf3 Rf8 40.Rg3 b6 41.cxb6 Rxb6 42.a3 a5
43.Rxg6 axb4 44.a4 Ra6 45.Rg4 Rxa4 46.Rc4 Kd6 47.Rhh4 Rfa8 48.Rhd4+ Ke5
49.Re4+ Kf6 50.Rf4+ Kg6 51.Rg4+ Kh6 52.Rh4+ Kg7 53.Rcg4+ Kf8 54.Rh8+ Ke7
55.Rxa8 Rxa8 56.Rxb4 Rc8 57.Rb7+ Kf6 58.Kb2 e5 59.Rd7 e4 60.Rd5 Ke6 61.Ra5 f5
62.Ra4 Ke5 63.Ra5+ Kf4 64.Rb5 Rg8 65.Kc3 Rg2 66.Rb2 Kf3 67.Rb5 f4 {#R} 0-1

[Event "12th Teplice Open 2017"]
[Site "Teplice CZE"]
[Date "2017.06.11"]
[Round "2.1"]
[White "Nabaty,T"]
[Black "Kucuksari,Kaan"]
[Result "1-0"]
[WhiteElo "2644"]
[BlackElo "2299"]

1.e4 c6 2.d4 d5 3.e5 c5 4.dxc5 Nc6 5.f4 e6 6.Be3 d4 7.Bf2 Bxc5 8.Nd2 Nge7
9.Qf3 Nd5 10.O-O-O Bd7 11.Ne4 Be7 12.Kb1 Qb6 13.Ne2 Ne3 14.Bxe3 dxe3 15.Nd6+
Bxd6 16.Rxd6 O-O-O 17.Nc3 f6 18.exf6 gxf6 19.Rd3 Nb4 20.Rxe3 Bc6 21.Qf2 Be4
22.Re2 Qxf2 23.Rxf2 Bxc2+ 24.Rxc2 Nxc2 25.Kxc2 Rd4 26.g3 Rhd8 27.Be2 a6 28.Re1
e5 29.fxe5 fxe5 30.Rd1 Kc7 31.Rxd4 Rxd4 32.Bd3 h6 33.Kd2 b5 34.Ke3 Kb6 35.h4
Rg4 36.Ne4 Rg7 37.Be2 a5 38.g4 b4 39.b3 Rc7 40.h5 Kc6 41.Bc4 Rg7 42.Kf3 Kd7
43.Ng3 Rh7 44.Nf5 Rh8 45.Ke4 {#r} 1-0

[Event "9th Capo d'Orso Open 2017"]
[Site "Porto Mannu Palau ITA"]
[Date "2017.06.10"]
[Round "9.12"]
[White "Lagumina,G"]
[Black "Poetschke,W"]
[Result "1-0"]
[WhiteElo "2238"]
[BlackElo "2086"]

1.e4 c6 2.d4 d5 3.e5 Bf5 4.h4 h5 5.Bd3 Bxd3 6.Qxd3 e6 7.Bg5 Qb6 8.Nd2 Nd7
9.Ne2 Ne7 10.c4 Qa6 11.b3 Nf5 12.Ng3 g6 13.Nxf5 gxf5 14.O-O Bb4 15.Nf3 Nf8
16.a3 Ba5 17.Qc2 Ng6 18.Bf6 Rg8 19.Rfc1 Bd8 20.cxd5 cxd5 21.Qd2 Bxf6 22.exf6
Qd6 23.Rc5 b6 24.Rc2 Kd7 25.Ng5 Nxh4 26.Rac1 Rac8 27.Rxc8 Rxc8 28.Nxf7 Rg8
29.Kh1 Qxa3 30.Ne5+ Kd8 31.Qc3 {#r} 1-0

[Event "CHN Team Women 2017"]
[Site "Beijing CHN"]
[Date "2017.06.11"]
[Round "6.3"]
[White "Zhu,Jiner"]
[Black "Sun,F"]
[Result "1-0"]
[WhiteElo "2176"]
[BlackElo "2056"]
[EventType "team"]

1.e4 c6 2.d4 d5 3.e5 Bf5 4.h4 h5 5.Bd3 Bxd3 6.Qxd3 e6 7.Bg5 Be7 8.Nf3 Nd7
9.Nbd2 Nf8 10.c4 f6 11.exf6 gxf6 12.Bf4 dxc4 13.Nxc4 Qd5 14.O-O Nh6 15.Qb3 Qb5
16.Qxb5 cxb5 17.Ne3 Nf7 18.Rfe1 Kd7 19.d5 e5 20.Nf5 Bb4 21.Bd2 Bxd2 22.Nxd2
Nh6 23.Ng3 Rc8 24.Nxh5 Ng4 25.Ng3 Rc2 26.Nde4 Ng6 27.f3 Nh6 28.Nxf6+ Ke7
29.Nfh5 Rxb2 30.Rac1 Kd8 31.Rc3 Nf7 32.Ng7 Nxh4 33.Ne6+ Ke7 34.Ne4 Rxg2+
35.Kf1 Rg6 36.Rc7+ Ke8 37.Rec1 {#r} 1-0